Not The Whole Truth (Record no. 194042)
[ view plain ]
| 000 -LEADER | |
|---|---|
| fixed length control field | 01091 a2200157 4500 |
| 003 - CONTROL NUMBER IDENTIFIER | |
| control field | Nust |
| 005 - DATE AND TIME OF LATEST TRANSACTION | |
| control field | 20170531102132.0 |
| 008 - FIXED-LENGTH DATA ELEMENTS--GENERAL INFORMATION | |
| fixed length control field | 170531b xxu||||| |||| 00| 0 eng d |
| 040 ## - CATALOGING SOURCE | |
| Transcribing agency | Nust |
| 082 ## - DEWEY DECIMAL CLASSIFICATION NUMBER | |
| Classification number | 954.91 |
| 100 ## - MAIN ENTRY--PERSONAL NAME | |
| Personal name | M.R.Kayani |
| 9 (RLIN) | 1671 |
| 245 ## - TITLE STATEMENT | |
| Title | Not The Whole Truth |
| Statement of responsibility, etc. | M.R. Kayani |
| 260 ## - PUBLICATION, DISTRIBUTION, ETC. | |
| Place of publication, distribution, etc. | Lahore , pakistan |
| Name of publisher, distributor, etc. | Ferozsons |
| Date of publication, distribution, etc. | 1963 |
| 300 ## - PHYSICAL DESCRIPTION | |
| Extent | 211p; |
| 505 ## - FORMATTED CONTENTS NOTE | |
| Formatted contents note | Introduction (Page-i), The Exception (Page-i), First of April (Page-1), As President to President (Page-12), In Praise of the Honorable Profession (Page-26), The philosophy of Life (Page-34), On Writ Jurisdiction in Pakistan (Page-41), The Officer on Special Duty (Page-46), My Heart Goes Out (Page-60), There is a tide in the Affairs of Men (Page-65), Misfortunes come not alone (Page-77), Of a Six-week baby who went to a Marriage party (Page-94), Preserve your Bachelor State Lady Doctors (Page-111), Of the Dust Strom that lasted for three Months (Page-120), When I was in England (Page-152), Home, Sweet Home (Page-166), Have you got an Enemy in the High Court (Page-176), On Growing long Hair (Page-187), Freedom of Press(Page-193). |
| 538 ## - SYSTEM DETAILS NOTE | |
| System details note | Almirah No.63 Shelf No.2 |
| 942 ## - ADDED ENTRY ELEMENTS (KOHA) | |
| Source of classification or shelving scheme | |
| Koha item type | Book |
| Withdrawn status | Lost status | Source of classification or shelving scheme | Damaged status | Not for loan | Collection code | Permanent Location | Current Location | Date acquired | Total Checkouts | Full call number | Barcode | Date last seen | Price effective from | Koha item type |
|---|---|---|---|---|---|---|---|---|---|---|---|---|---|---|
| Military College of Signals (MCS) | Military College of Signals (MCS) | 12/12/2016 | 954.91 KAy | MCS29380 | 12/08/2016 | 12/12/2016 | Book |
